000 00608nam a2200193Ia 4500
003 0
005 20231106134237.0
008 140724s9999 xx 000 0 und d
050 _aRC 552.P67
_b.Es74 2011
100 _aHaban, Louis A.
245 _aGame addiction symptoms and spending self control of mobile gacha players
_cHaban, Louis A.
260 _aLas PiƱas, Philippines :
_bSouthville International School and Colleges,
_cc2023.
300 _a203 p. :
_c28 cm.
500 _aInternet addiction.
501 _aVideo game addiction.
521 _aPsychology
942 _cTH
_2lcc
999 _c228774
_d228774